000 00381nam a2200133Ia 4500
008 240112s1970-(AN-JUNE) xx 000 0 und d
041 _aeng
082 _a543.705
100 _aAPPLETON H.D.
245 _aCLINICAL CHEMISTRY :JOURNAL OF THE AMERICAN ASS.OF THE CLINICAL CHEMISTS
260 _bPAUL B.HARPER
_c1970-(AN-JUNE)
300 _a546,HB
_c(1-6)
440 _v16
999 _c1140796
_d1140796